El libro de los porqués
Shranjeno v:
| Glavni avtor: | |
|---|---|
| Format: | Knjiga |
| Jezik: | španščina |
| Izdano: |
Idea y Creación Editorial S. L
2013
|
| Izdaja: | 1a. ed |
| Teme: | |
| Oznake: |
Označite
Brez oznak, prvi označite!
|
MARC
| LEADER | 00000cam a2200000 a 4500 | ||
|---|---|---|---|
| 001 | UCE0904 | ||
| 003 | CL-VaPUC | ||
| 008 | 140317e20130000sp |||||||||||||||||spa|d | ||
| 020 | |a 9788415101741 | ||
| 082 | 0 | 4 | |a 500 |b LAR |2 21 |
| 100 | 0 | |a Lara, Irene |e author |9 573292 | |
| 245 | 1 | 3 | |a El libro de los porqués |
| 250 | |a 1a. ed | ||
| 300 | |a 302 p | ||
| 942 | |c BK | ||
| 945 | |d 20140317 10:17:00 |a dcastane | ||
| 260 | |b Idea y Creación Editorial S. L |c 2013 | ||
| 650 | 0 | |a Ciencias naturales |9 260542 | |
| 650 | 0 | |a Naturaleza |9 269656 | |
| 650 | 0 | |a Cuerpo humano |9 257169 | |
| 650 | 0 | |a Animales |9 269820 | |
| 650 | 0 | |a Alimentos |9 256203 | |
| 583 | |a last modification |c 20140317 10:17:00 |k Rodrigo Vera | ||
| 999 | |c 354908 |d 354906 | ||
| 952 | |0 0 |1 0 |3 erd |4 0 |6 500_000000000000000_LAR_2013 |7 0 |8 C |9 461133 |a BIBCUR |b BIBCUR |i 5056004 |l 8 |o 500 LAR 2013 |p 5056004 |r 2025-04-22 |s 2025-03-26 |w 2019-11-23 |y BK |z Catalogado en:20140317 |k EXP | ||